Final Fantasy A-Z - Statistics

General Stats
  • This quiz has been taken 209 times
  • The average score is 15 of 26
Answer Stats
Clue Answer % Correct
A Final Fantasy VII party character who bears the white materia named Holy. Aeris Gainsborough
97%
W A character name that crops up frequently across multiple Final Fantasy titles. He is usually paired with another character named Biggs. Wedge
84%
V The tiny black mage party character of Final Fantasy IX. Vivi
83%
O A summoned warrior seen in many Final Fantasy games and generally depicted as a paladin astride a war horse. Odin
82%
H The name of the airship the main party takes for their own in Final Fantasy VII. The Highwind
76%
K This powerful Final Fantasy VII summon materia requires a golden Chocobo to reach. Knights of the Round
75%
J This Final Fantasy X character gave his life to become the final Aeon of Braska and in return became the newest incarnation of the game's main antagonist: Sin. Jecht
74%
Q A chain whip using instructor and party character of Final Fantasy VIII. Quistis Trepe
73%
Z The hometown of one of Final Fantasy X's main protagonists and the destination of the party for most of the game. Zanarkand
72%
S The mysterious, unfeeling, assassin shrounded in black of Final Fantasy VI. Shadow
70%
E Believed to be the main villain at the outset of Final Fantasy VIII. Edea Kramer
62%
Y This monk of Fabul joins the protagonist's party in Final Fantay IV Yang Fang Leiden
57%
F A fierce and feared pirate leader who becomes one of the main protagonists of Final Fantasy V. Faris Scherwiz
56%
U Final Fantasy VI's purple, comical antagonist who when first met, desires to eat the party. Ultros
55%
C This Final Fantasy VI character has a quaint manner of speech and a overwhelming fear of machinery. Cyan Garamonde
54%
N At the opening of Final Fantasy VI, three soldiers wearing magitek armour are seen marching towards this town. Narshe
53%
L To obtain the Earth Orb in Final Fantasy I, this boss must be defeated. Lich
49%
G This Final Fantasy II party character has an affinity for animals. Guy
48%
M A helpful witch with poor eyesight and sentient brooms found in Final Fantasy I. Matoya
43%
R In the Nintendo DS version of Final Fantasy III, this is the given name of the female character of the party. Refia
40%
I This tree in Final Fantasy IX is responsible for the mysterious mist the envelopes the inner continent. Iifa Tree
36%
X In Final Fantasy III, this warlock is found to be trying to sow chaos and disorder using the Crystals of Light. Xande
30%
T This Kingdom and its King in Final Fantasy V are responsible for protecting the Wind Shrine. Tycoon
26%
P At the opening of Final Fantasy II, the main party are fleeing from this city. Palamecia
25%
D Edward the bard of Final Fantasy IV is a prince of this kingdom. Damcyan
22%
B When this pirate is defeated in Final Fantasy I, the Light Warriors gain his ship. Bikke
20%
No matching quizzes found
Score Distribution
Percent of People with Each Score
Percentile by Number Answered
Your Score History
You have not taken this quiz